[Event "SV Sundern 1 - Bielefelder SK 1"]
[Site "NRW-Klasse. Gruppe 1 2017/201"]
[Date "2018.02.18"]
[Round "6.8"]
[White "Schober, Ralf"]
[Black "Ebert, Karsten"]
[Result "0-1"]
[WhiteElo "2014"]
[BlackElo "1911"]
[Annotator "Daniel"]
[PlyCount "60"]
[EventDate "2018.??.??"]
[WhiteTeam "SV Sundern 1"]
[BlackTeam "Bielefelder SK 1"]

1. d4 Nf6 2. Bg5 e6 3. e4 Be7 4. Bd3 d5 5. Bxf6 Bxf6 6. e5 Be7 7. Qg4 O-O 8.
Nd2 c5 9. dxc5 Nd7 10. Ngf3 Nxc5 11. Bxh7+ Kxh7 12. Qh5+ Kg8 13. h4 f6 14. Ng5
$11 fxg5 15. hxg5 Bxg5 16. Qh7+ Kf7 17. Qh5+ g6 18. Qh7+ Ke8 19. Qxg6+ Kd7 20.
Rh7+ Be7 21. O-O-O Qe8 22. Qg4 Kc7 23. Qg7 Kd8 24. c4 Rg8 25. Qh6 Nd3+ 26. Kc2
Nxe5 27. Rg7 Rxg7 28. Qxg7 Qg6+ 29. Qxg6 Nxg6 30. Nf3 Ke8 0-1

[Event "Bielefelder SK 1 - SF Brackel 1"]
[Site "NRW-Klasse. Gruppe 1 2017/201"]
[Date "2018.03.11"]
[Round "7.1"]
[White "Luft, Dennis"]
[Black "Forchert, Martin"]
[Result "0-1"]
[WhiteElo "2254"]
[BlackElo "2282"]
[PlyCount "60"]
[EventDate "2018.??.??"]
[WhiteTeam "SF Brackel 1"]
[BlackTeam "Bielefelder SK 1"]

1. e4 Nf6 2. e5 Nd5 3. d4 d6 4. c4 Nb6 5. exd6 exd6 6. Nc3 Be7 7. Bd3 O-O 8.
Nge2 Na6 9. O-O g6 10. b3 Nb4 11. Bb1 c6 12. Bh6 Re8 13. Qd2 a5 14. a3 Na6 15.
Bd3 Nc7 16. f4 f5 17. g4 Bf6 18. gxf5 Bxf5 19. Bxf5 gxf5 20. Ng3 a4 21. Nxf5
Qd7 22. Qg2+ Kh8 23. Qh3 axb3 24. Rf3 b2 25. Raf1 Nxc4 26. Rg3 Rg8 27. Ne4
Bxd4+ 28. Kh1 Rxg3 29. Nexg3 Ne3 30. Rg1 Qe6 0-1

[Event "Bielefelder SK 1 - SF Brackel 1"]
[Site "NRW-Klasse. Gruppe 1 2017/201"]
[Date "2018.03.11"]
[Round "7.2"]
[White "Gruen, Gerd-Peter"]
[Black "Fluechter, Gregor"]
[Result "1-0"]
[WhiteElo "2215"]
[BlackElo "2144"]
[Annotator "Daniel"]
[PlyCount "103"]
[EventDate "2018.??.??"]
[WhiteTeam "Bielefelder SK 1"]
[BlackTeam "SF Brackel 1"]

1. d4 d5 2. Nf3 Nf6 3. Bf4 c5 4. e3 Nc6 5. c3 Qb6 6. Qc2 g6 7. Nbd2 Bg7 8. h3
O-O 9. Bd3 c4 10. Be2 Bf5 11. Qc1 Qd8 12. b3 b5 13. a4 a6 14. O-O Qb6 15. Qb2
Nd7 16. g4 Be6 17. Rfb1 Qd8 18. Ng5 Nb6 19. bxc4 Nxa4 20. Qa3 dxc4 21. Nxe6
fxe6 22. Nxc4 Nxc3 23. Qxc3 Rxf4 $11 24. Ne5 Nxd4 25. exd4 Qxd4 26. Qxd4 Rxd4
27. Nf3 Rf4 28. Ra2 b4 29. Ng5 Rb8 30. Nxe6 Re4 31. Nxg7 b3 32. Rab2 Kxg7 33.
Bxa6 Reb4 34. Be2 h5 35. gxh5 gxh5 36. Bxh5 Kf6 37. Bd1 Rd4 38. Kh2 Kg5 39.
Rxb3 Rxb3 40. Bxb3 Kf4 41. Be6 Re4 42. Bg4 e5 43. Rb8 Re1 44. Rf8+ Ke4 45. h4
Rc1 46. h5 Kd4 47. h6 Rc6 48. Rh8 e4 49. Kg3 e3 50. fxe3+ Kxe3 51. Re8+ Kd4 52.
h7 1-0

[Event "Bielefelder SK 1 - SF Brackel 1"]
[Site "NRW-Klasse. Gruppe 1 2017/201"]
[Date "2018.03.11"]
[Round "7.3"]
[White "Kartsev, Soel"]
[Black "Kruse, Herbert"]
[Result "1-0"]
[WhiteElo "2169"]
[BlackElo "2175"]
[PlyCount "97"]
[EventDate "2018.??.??"]
[WhiteTeam "SF Brackel 1"]
[BlackTeam "Bielefelder SK 1"]

1. e4 e5 2. Nf3 Nc6 3. Bb5 Nf6 4. d3 Bc5 5. O-O d6 6. c3 O-O 7. Nbd2 Ne7 8. d4
exd4 9. cxd4 Bb6 10. e5 dxe5 11. dxe5 Ng4 12. Qe2 Ng6 13. h3 a6 14. Bc4 Nxf2
15. Rxf2 Bxf2+ 16. Qxf2 Qe7 17. Ne4 Nxe5 18. Bg5 Nxf3+ 19. Qxf3 Qe5 20. Kh1 Bf5
21. Ng3 Bg6 22. h4 b5 23. Bd5 Rae8 24. Rc1 h6 25. Bf4 Qxb2 26. Rxc7 Re1+ 27.
Kh2 Qf6 28. Qg4 h5 29. Qg5 Qxg5 30. Bxg5 Rd1 31. Bb3 Rd4 32. Ne2 Re4 33. Nf4
Kh7 34. Nxg6 fxg6 35. Rc6 a5 36. Bc2 Re2 37. Bxg6+ Kh8 38. a3 Ra8 39. Rb6 Rb2
40. Be7 Re2 41. Bg5 Rb2 42. Bf4 b4 43. a4 Re2 44. Bxh5 Rf2 45. Kg3 Ra2 46. Be5
Ra3+ 47. Kg4 Rxa4 48. Bf7 Rf8 49. Rh6# 1-0

[Event "Bielefelder SK 1 - SF Brackel 1"]
[Site "NRW-Klasse. Gruppe 1 2017/201"]
[Date "2018.03.11"]
[Round "7.4"]
[White "Goeßling, Guido"]
[Black "Steinmetzer, Thomas"]
[Result "1/2-1/2"]
[WhiteElo "2127"]
[BlackElo "2198"]
[PlyCount "82"]
[EventDate "2018.??.??"]
[WhiteTeam "Bielefelder SK 1"]
[BlackTeam "SF Brackel 1"]

1. e4 e5 2. Nf3 Nc6 3. d4 exd4 4. Bc4 Nf6 5. e5 d5 6. Bb5 Ne4 7. Nxd4 Bd7 8.
Bxc6 bxc6 9. O-O Bc5 10. f3 Ng5 11. f4 Ne4 12. Be3 Bb6 13. Nd2 c5 14. N4f3 Nxd2
15. Qxd2 d4 16. Bf2 Bc6 17. Bh4 Qd7 18. e6 fxe6 19. Ne5 Qd5 20. Nxc6 Qxc6 21.
f5 O-O 22. f6 Qe4 23. Rf4 Qe3+ 24. Qxe3 dxe3 25. Rg4 c4 26. Kf1 Rad8 27. Ke1
Rd7 28. Rxg7+ Rxg7 29. fxg7 Kxg7 30. Rd1 Kg6 31. Ke2 Rf5 32. Be1 Rd5 33. Bc3 h5
34. Rf1 Rf5 35. Rxf5 exf5 36. Be5 Kg5 37. Kf3 Kg6 38. Bf4 Kf6 39. h3 Ke6 40.
Bh6 Kd5 41. g3 e2 1/2-1/2

[Event "Bielefelder SK 1 - SF Brackel 1"]
[Site "NRW-Klasse. Gruppe 1 2017/201"]
[Date "2018.03.11"]
[Round "7.5"]
[White "Kartsev, Alexander"]
[Black "Forchert, Niko"]
[Result "0-1"]
[WhiteElo "2158"]
[BlackElo "2085"]
[PlyCount "74"]
[EventDate "2018.??.??"]
[WhiteTeam "SF Brackel 1"]
[BlackTeam "Bielefelder SK 1"]

1. e4 d5 2. exd5 Qxd5 3. Nc3 Qd6 4. d4 Nf6 5. Bc4 c6 6. Nge2 Bf5 7. Bf4 Qb4 8.
Bb3 e6 9. h3 h6 10. O-O g5 11. Be5 Nbd7 12. Ng3 Bg6 13. Nce4 Be7 14. c3 Qb6 15.
Qf3 Nxe4 16. Bxh8 Nd2 17. Qe3 Nxf1 18. Rxf1 O-O-O 19. Bg7 Bf8 20. Bxf8 Rxf8 21.
Ne4 Qc7 22. Re1 Kb8 23. h4 Rh8 24. hxg5 Bxe4 25. Qxe4 hxg5 26. g3 Qd8 27. Kg2
Qf6 28. Qg4 Qh6 29. Kf1 Nf6 30. Qf3 g4 31. Qe3 Qxe3 32. Rxe3 Rh1+ 33. Kg2 Rb1
34. Re2 Kc7 35. f3 gxf3+ 36. Kxf3 Kd6 37. Rf2 a5 0-1

[Event "Bielefelder SK 1 - SF Brackel 1"]
[Site "NRW-Klasse. Gruppe 1 2017/201"]
[Date "2018.03.11"]
[Round "7.6"]
[White "Roemhild, Marcus"]
[Black "Goldschmidt, Christian"]
[Result "1/2-1/2"]
[WhiteElo "2029"]
[BlackElo "2162"]
[PlyCount "133"]
[EventDate "2018.??.??"]
[WhiteTeam "Bielefelder SK 1"]
[BlackTeam "SF Brackel 1"]

1. c4 e6 2. Nf3 d5 3. b3 Nf6 4. Bb2 c5 5. e3 Nc6 6. cxd5 exd5 7. d3 Bd6 8. Be2
O-O 9. O-O Bg4 10. Nbd2 Rc8 11. Re1 Re8 12. h3 Bh5 13. a3 Bg6 14. Nh4 Be5 15.
Bxe5 Nxe5 16. Nxg6 hxg6 17. Nf3 d4 18. Nxe5 Rxe5 19. e4 g5 20. Qd2 Qb6 21. Rab1
Rce8 22. Bf1 Qa6 23. Ra1 Qd6 24. Rec1 Nd7 25. g3 b6 26. Bg2 Qe7 27. Rf1 Re6 28.
Qd1 Rg6 29. Qd2 Rh6 30. Rab1 Ne5 31. f4 gxf4 32. gxf4 Ng6 33. Rbe1 f6 34. b4
Rh4 35. Rf3 cxb4 36. axb4 Qd6 37. Ref1 Rc8 38. b5 Qc5 39. Rg3 Kh7 40. e5 f5 41.
Bc6 Rxc6 42. bxc6 Qxc6 43. Kh2 Ne7 44. Qf2 g6 45. Qxd4 Nd5 46. Rgf3 g5 47. Qa1
Nxf4 48. Qxa7+ Kg6 49. Qa2 Kh6 50. Qd2 Qd5 51. d4 b5 52. R1f2 Kg6 53. Rg3 Nxh3
54. Rxh3 Rxh3+ 55. Kxh3 Qh1+ 56. Kg3 f4+ 57. Rxf4 Qg1+ 58. Kf3 Qh1+ 59. Ke2
gxf4 60. Qxf4 Qc6 61. Kd2 Kg7 62. Qf2 b4 63. Qg3+ Kf8 64. Qb3 Qg2+ 65. Kd3 Qf1+
66. Kd2 Qf2+ 67. Kd3 1/2-1/2

[Event "Bielefelder SK 1 - SF Brackel 1"]
[Site "NRW-Klasse. Gruppe 1 2017/201"]
[Date "2018.03.11"]
[Round "7.7"]
[White "Boehm, Juergen"]
[Black "Danielmeier, Ralf"]
[Result "1/2-1/2"]
[WhiteElo "2172"]
[BlackElo "2001"]
[PlyCount "39"]
[EventDate "2018.??.??"]
[WhiteTeam "SF Brackel 1"]
[BlackTeam "Bielefelder SK 1"]

1. d4 Nf6 2. Bg5 Ne4 3. Bf4 e6 4. f3 Bd6 5. Bxd6 Nxd6 6. e4 Nc6 7. c3 e5 8. Na3
O-O 9. Qd2 f5 10. dxe5 Nxe5 11. Qd5+ Nef7 12. exf5 c6 13. Qd3 Qe7+ 14. Ne2 Ne5
15. Qd2 Qh4+ 16. Ng3 Nxf5 17. Qf2 Qf4 18. Nxf5 Rxf5 19. Qd2 Qh4+ 20. Qf2
1/2-1/2

[Event "Bielefelder SK 1 - SF Brackel 1"]
[Site "NRW-Klasse. Gruppe 1 2017/201"]
[Date "2018.03.11"]
[Round "7.8"]
[White "Gruettemeier, Uwe"]
[Black "Korten, Lando"]
[Result "1-0"]
[WhiteElo "2009"]
[BlackElo "2094"]
[PlyCount "77"]
[EventDate "2018.??.??"]
[WhiteTeam "Bielefelder SK 1"]
[BlackTeam "SF Brackel 1"]

1. d4 Nf6 2. Nf3 g6 3. g3 Bg7 4. Bg2 O-O 5. c4 d6 6. O-O c6 7. Nc3 Bf5 8. Ne1
Be6 9. Qd3 d5 10. cxd5 Nxd5 11. Nxd5 cxd5 12. Nf3 Nc6 13. Be3 f6 14. Qd2 Qb6
15. Rfc1 Rfe8 16. Ne1 Bf7 17. Nd3 Rad8 18. Nc5 Qc7 19. Bh3 Rd6 20. Rc2 e5 21.
Rac1 b6 22. Nd3 Qb7 23. Nb4 Nxb4 24. Qxb4 Bf8 25. Qb3 Qa6 26. Bc8 Rxc8 27. Rxc8
Be6 28. Rb8 Kf7 29. Rc7+ Bd7 30. Qb4 Be7 31. dxe5 fxe5 32. Bg5 Qxe2 33. Bxe7
Qd1+ 34. Kg2 Kxe7 35. Qh4+ Ke6 36. Qh3+ Ke7 37. Qxh7+ Ke6 38. Qxg6+ Ke7 39.
Re8# 1-0

[Event "Düsseldorfer SK 2 - SV Sundern 1"]
[Site "NRW-Klasse. Gruppe 1 2017/201"]
[Date "2018.03.11"]
[Round "7.1"]
[White "Stolte, Alexander"]
[Black "Harff, Marcel"]
[Result "1/2-1/2"]
[WhiteElo "2173"]
[BlackElo "2373"]
[PlyCount "104"]
[EventDate "2018.??.??"]
[WhiteTeam "SV Sundern 1"]
[BlackTeam "Düsseldorfer SK 2"]

1. e4 e6 2. d4 d5 3. e5 c5 4. c3 Nc6 5. Nf3 Bd7 6. Bd3 Rc8 7. O-O cxd4 8. cxd4
Nb4 9. Nc3 Nxd3 10. Qxd3 Ne7 11. Bd2 a6 12. Rfc1 Nc6 13. Ne2 Be7 14. b4 O-O 15.
a3 Na7 16. Nc3 Rc7 17. Qb1 Qb8 18. Ng5 g6 19. Qd3 h6 20. Nh3 Kg7 21. Qe3 Rh8
22. Nf4 Nc8 23. Qg3 Rc4 24. Ncxd5 exd5 25. e6 Nb6 26. exd7 Qd6 27. Nd3 Qxg3 28.
hxg3 Bf6 29. Be3 Nxd7 30. Nc5 Nxc5 31. bxc5 Bxd4 32. Rxc4 Bxa1 33. Rb4 Rc8 34.
Rb1 Bf6 35. Rxb7 d4 36. Bd2 Rxc5 37. Rb6 g5 38. Kf1 Rd5 39. Rxa6 d3 40. Rb6 Bd8
41. Rb3 Kg6 42. a4 Kf5 43. Rb5 Rxb5 44. axb5 Ke4 45. Be3 Kd5 46. b6 Kc6 47. Ke1
Bxb6 48. Bxb6 Kxb6 49. Kd2 Kc5 50. Kxd3 Kd5 51. g4 Ke5 52. Ke3 f5 1/2-1/2

[Event "Düsseldorfer SK 2 - SV Sundern 1"]
[Site "NRW-Klasse. Gruppe 1 2017/201"]
[Date "2018.03.11"]
[Round "7.2"]
[White "Hainke, Guntram"]
[Black "Tillmann, Markus"]
[Result "0-1"]
[WhiteElo "2303"]
[BlackElo "2064"]
[PlyCount "126"]
[EventDate "2018.??.??"]
[WhiteTeam "Düsseldorfer SK 2"]
[BlackTeam "SV Sundern 1"]

1. d4 Nf6 2. c4 e6 3. Nc3 c5 4. d5 exd5 5. cxd5 d6 6. e4 a6 7. f4 g6 8. e5 Ng4
9. e6 Nf6 10. Qa4+ Ke7 11. f5 gxf5 12. Bg5 Bg7 13. exf7 Kxf7 14. O-O-O Nbd7 15.
Nf3 Re8 16. Bd3 b5 17. Bxb5 Rb8 18. Bd3 Rb4 19. Qc2 Ne5 20. Bxf5 Nxf3 21. gxf3
Bxf5 22. Qxf5 Qd7 23. Qxd7+ Nxd7 24. Rhe1 Ne5 25. Kc2 Reb8 26. Bc1 c4 27. Ne4
Nd3 28. Nxd6+ Kf8 29. Rxd3 cxd3+ 30. Kxd3 Rd4+ 31. Kc2 Rxd5 32. Re6 Be5 33. Nc4
Rc8 34. b3 a5 35. a4 h5 36. Ba3+ Kf7 37. Re7+ Kg6 38. h3 Bf6 39. Re6 Kf5 40.
Re4 Rc6 41. Bc1 Bg5 42. Bxg5 Kxg5 43. Kb2 Rf6 44. h4+ Kh6 45. f4 Rdf5 46. Re8
Kg7 47. Re7+ Kg8 48. Re5 Rxe5 49. fxe5 Rf4 50. Nxa5 Rxh4 51. Nc6 Kf7 52. a5 Rg4
53. Nd8+ Ke7 54. a6 Rg8 55. Nc6+ Kd7 56. Nd4 h4 57. e6+ Kc7 58. Nf3 h3 59. Kc3
Re8 60. Kd4 Rxe6 61. b4 Kb6 62. b5 Re2 63. Ng1 Rd2+ 0-1

[Event "Düsseldorfer SK 2 - SV Sundern 1"]
[Site "NRW-Klasse. Gruppe 1 2017/201"]
[Date "2018.03.11"]
[Round "7.4"]
[White "Krause, Thomas"]
[Black "Plass, Heinz"]
[Result "1/2-1/2"]
[WhiteElo "2142"]
[BlackElo "2026"]
[PlyCount "32"]
[EventDate "2018.??.??"]
[WhiteTeam "Düsseldorfer SK 2"]
[BlackTeam "SV Sundern 1"]

1. c4 c6 2. Nf3 d5 3. e3 Nf6 4. Nc3 a6 5. b3 Bg4 6. Be2 e6 7. h3 Bh5 8. Bb2
Nbd7 9. g4 Bg6 10. Nh4 Bd6 11. d3 O-O 12. Nxg6 fxg6 13. g5 Ne8 14. h4 Qe7 15.
Rg1 Nc7 16. d4 Ba3 1/2-1/2

[Event "Düsseldorfer SK 2 - SV Sundern 1"]
[Site "NRW-Klasse. Gruppe 1 2017/201"]
[Date "2018.03.11"]
[Round "7.5"]
[White "Schulte, Josef"]
[Black "von Buenau, Heinrich"]
[Result "1/2-1/2"]
[WhiteElo "1939"]
[BlackElo "2182"]
[PlyCount "32"]
[EventDate "2018.??.??"]
[WhiteTeam "SV Sundern 1"]
[BlackTeam "Düsseldorfer SK 2"]

1. d4 Nf6 2. c4 e6 3. Nc3 Bb4 4. g3 c5 5. Nf3 cxd4 6. Nxd4 Nc6 7. Bg2 Qb6 8.
Ndb5 Ne5 9. Be3 Qa5 10. Bf4 a6 11. Bxe5 axb5 12. O-O bxc4 13. Bxf6 gxf6 14. Qd4
Qe5 15. Qxc4 Be7 16. Rfd1 O-O 1/2-1/2

[Event "Düsseldorfer SK 2 - SV Sundern 1"]
[Site "NRW-Klasse. Gruppe 1 2017/201"]
[Date "2018.03.11"]
[Round "7.6"]
[White "Berndt, Axel"]
[Black "Kevekordes, Peter"]
[Result "1/2-1/2"]
[WhiteElo "2136"]
[BlackElo "1863"]
[Annotator "Daniel"]
[PlyCount "112"]
[EventDate "2018.??.??"]
[WhiteTeam "Düsseldorfer SK 2"]
[BlackTeam "SV Sundern 1"]

1. e4 c6 2. d4 d5 3. exd5 cxd5 4. c4 Nf6 5. Nc3 e6 6. Nf3 Bb4 7. cxd5 Nxd5 8.
Bd2 Nc6 9. Bd3 O-O 10. O-O Be7 11. a3 Bf6 12. Qe2 Nxd4 13. Nxd4 Bxd4 14. Rad1
Nxc3 15. Bxc3 e5 $11 16. Bxd4 exd4 17. Qe4 g6 18. Bc4 Re8 19. Rxd4 Bf5 20. Qf4
Qb8 21. Qf3 Qc7 22. Bd5 Rab8 23. Rfd1 Be6 24. Bxe6 Rxe6 25. h4 Rbe8 26. g3 Re1+
27. Rxe1 Rxe1+ 28. Kg2 Re6 29. h5 Qc6 30. h6 Qxf3+ 31. Kxf3 Kf8 32. Rc4 f6 33.
a4 Kf7 34. a5 g5 35. Rc7+ Re7 36. Rxe7+ Kxe7 37. Ke4 Ke6 38. g4 b6 39. a6 Kd6
40. Kf5 Ke7 41. f4 gxf4 42. Kxf4 Ke6 43. Ke4 Kd6 44. Kf5 Ke7 45. g5 fxg5 46.
Kxg5 Ke6 47. Kf4 Kf6 48. Ke4 Ke6 49. b3 b5 50. b4 Kd6 51. Kd4 Kc6 52. Ke5 Kc7
53. Kd5 Kb6 54. Kd6 Kxa6 55. Kc5 Kb7 56. Kxb5 a6+ 1/2-1/2

[Event "Düsseldorfer SK 2 - SV Sundern 1"]
[Site "NRW-Klasse. Gruppe 1 2017/201"]
[Date "2018.03.11"]
[Round "7.7"]
[White "Schober, Ralf"]
[Black "Kesseler, Heiko"]
[Result "1/2-1/2"]
[WhiteElo "2020"]
[BlackElo "2017"]
[Annotator "Daniel"]
[PlyCount "104"]
[EventDate "2018.??.??"]
[WhiteTeam "SV Sundern 1"]
[BlackTeam "Düsseldorfer SK 2"]

1. d4 Nf6 2. Bg5 d5 3. e3 c6 4. c3 Bf5 5. Bd3 Bxd3 6. Qxd3 Nbd7 7. Nf3 e6 8.
Ne5 Be7 9. Nd2 Nxe5 10. dxe5 Nd7 11. Bxe7 Qxe7 12. Nf3 O-O 13. O-O f6 14. exf6
Rxf6 15. Ng5 Rh6 16. f4 e5 17. Qd2 Rf8 18. Rae1 Qc5 19. b4 Qe7 20. Nf3 Re6 21.
Nxe5 Nxe5 22. fxe5 Rxe5 23. Rxf8+ Qxf8 24. Qd4 Qb8 25. Qf4 $11 Qe8 26. Qd4 b6
27. h3 Re4 28. Qd2 Qe5 29. a3 h6 30. Kf2 Qf6+ 31. Kg1 Qg5 32. Qf2 h5 33. Qd2
Qe5 34. Qd3 Qg3 35. Qd2 Re7 36. b5 Qd6 37. bxc6 Qxc6 38. Rd1 $11 Re5 39. Qd4
Qe6 40. Kf2 Qf6+ 41. Kg1 Qe6 42. Kf2 Rf5+ 43. Kg1 Qc6 44. a4 Qc7 45. Rf1 Rxf1+
46. Kxf1 Qf7+ 47. Ke2 Qe6 48. Kf3 g5 49. g4 h4 50. e4 Qf7+ 51. Ke2 dxe4 52.
Qxe4 Qa2+ 1/2-1/2

[Event "Düsseldorfer SK 2 - SV Sundern 1"]
[Site "NRW-Klasse. Gruppe 1 2017/201"]
[Date "2018.03.11"]
[Round "7.8"]
[White "Mueller, Michael"]
[Black "Kusch, Hans"]
[Result "1-0"]
[WhiteElo "2062"]
[BlackElo "1251"]
[PlyCount "65"]
[EventDate "2018.??.??"]
[WhiteTeam "Düsseldorfer SK 2"]
[BlackTeam "SV Sundern 1"]

1. e4 e5 2. Bc4 Nf6 3. d3 d5 4. exd5 Nxd5 5. Nf3 Nc6 6. O-O Be7 7. Re1 Bg4 8.
h3 Bxf3 9. Qxf3 Nf6 10. Bb5 Qd6 11. Nd2 O-O 12. Bxc6 bxc6 13. Nc4 Qd5 14. Nxe5
Qxf3 15. Nxf3 Bd6 16. Bd2 Rab8 17. b3 Rfe8 18. Kf1 Re7 19. Rxe7 Bxe7 20. Nd4
Rb6 21. a4 Bc5 22. Nf5 Bd6 23. Re1 g6 24. Bc3 Bb4 25. Bxb4 Rxb4 26. Ne7+ Kf8
27. Nxc6 Rb7 28. Re5 a6 29. Rc5 Nd7 30. Rc4 Rb6 31. d4 Nf6 32. Ne5 Nd5 33. Nd7+
1-0

[Event "SV Erkenschwick 1 - Brühler SK 1"]
[Site "NRW-Klasse. Gruppe 1 2017/201"]
[Date "2018.03.11"]
[Round "7.1"]
[White "Loifenfeld, Jakov"]
[Black "De Vreugt, Dennis"]
[Result "0-1"]
[WhiteElo "2413"]
[BlackElo "2417"]
[PlyCount "76"]
[EventDate "2018.??.??"]
[WhiteTeam "Brühler SK 1"]
[BlackTeam "SV Erkenschwick 1"]

1. d4 d5 2. c4 c6 3. Nc3 Nf6 4. e3 a6 5. Nf3 Bg4 6. Qb3 Ra7 7. Ne5 Be6 8. c5
Nfd7 9. f4 Nxe5 10. fxe5 Bf5 11. e4 dxe4 12. Be3 e6 13. g4 Bxg4 14. Bg2 Nd7 15.
Nxe4 Be7 16. O-O O-O 17. Rf4 Bf5 18. Nd6 Bxd6 19. cxd6 Qb8 20. Raf1 a5 21. Rxf5
exf5 22. Rxf5 a4 23. Qc4 Ra5 24. d5 g6 25. Rf2 Nxe5 26. Qc3 Ng4 27. Qxa5 Nxe3
28. dxc6 Qxd6 29. Rd2 Qf4 30. cxb7 Nc4 31. Qb4 Qxd2 32. Qxf8+ Kxf8 33. b8=Q+
Kg7 34. Bf1 Qd4+ 35. Kh1 Nxb2 36. Qb5 Nd1 37. Qc4 Qa1 38. Qc5 Ne3 0-1

[Event "SV Erkenschwick 1 - Brühler SK 1"]
[Site "NRW-Klasse. Gruppe 1 2017/201"]
[Date "2018.03.11"]
[Round "7.2"]
[White "Jens, Jelmer"]
[Black "Schiffer, Stefan"]
[Result "1/2-1/2"]
[WhiteElo "2413"]
[BlackElo "2198"]
[PlyCount "47"]
[EventDate "2018.??.??"]
[WhiteTeam "SV Erkenschwick 1"]
[BlackTeam "Brühler SK 1"]

1. e4 e5 2. Nf3 Nc6 3. Bb5 a6 4. Ba4 Nf6 5. O-O Be7 6. Qe2 b5 7. Bb3 O-O 8. c3
d6 9. Rd1 Na5 10. Bc2 c5 11. d4 Qc7 12. d5 c4 13. b4 cxb3 14. axb3 Bd7 15. Ba3
Bg4 16. h3 Bxf3 17. Qxf3 Nb7 18. b4 Rfc8 19. Bd3 Nd7 20. Rc1 Nb6 21. Rc2 Nd8
22. Nd2 Bg5 23. Nb3 Nb7 24. Na5 1/2-1/2

[Event "SV Erkenschwick 1 - Brühler SK 1"]
[Site "NRW-Klasse. Gruppe 1 2017/201"]
[Date "2018.03.11"]
[Round "7.3"]
[White "Keller, Thomas"]
[Black "Erwich, Marc"]
[Result "0-1"]
[WhiteElo "2239"]
[BlackElo "2254"]
[Annotator "Daniel"]
[PlyCount "88"]
[EventDate "2018.??.??"]
[WhiteTeam "Brühler SK 1"]
[BlackTeam "SV Erkenschwick 1"]

1. e4 e5 2. Nf3 Nc6 3. Bc4 Bc5 4. c3 Nf6 5. b4 Bb6 6. d3 d6 7. a4 a5 8. b5 Ne7
9. O-O O-O 10. Nbd2 c6 11. Bb3 Ng6 12. Nc4 Bc7 13. Re1 $11 Re8 14. d4 exd4 15.
Qxd4 d5 16. exd5 Rxe1+ 17. Nxe1 cxd5 18. Ne3 Be5 19. Qd2 Be6 20. Bb2 Ne4 21.
Qc2 Rc8 22. Rd1 Nxc3 23. Bxc3 Rxc3 24. Qa2 Nf4 25. Nf3 Bf6 26. g3 d4 27. Bxe6
Nxe6 28. Kg2 h5 29. Nd5 Rc5 30. Nxf6+ Qxf6 31. Qe2 Qg6 32. Kf1 Rc2 33. Rd2 Rxd2
34. Qxd2 Qe4 35. Ng5 Nxg5 36. Qxg5 d3 37. Kg1 Qe1+ 38. Kg2 d2 39. Qd8+ Kh7 40.
Qd3+ Kh6 41. Qd6+ f6 42. Qf4+ Kg6 43. g4 d1=Q 44. Qf5+ Kf7 0-1

[Event "SV Erkenschwick 1 - Brühler SK 1"]
[Site "NRW-Klasse. Gruppe 1 2017/201"]
[Date "2018.03.11"]
[Round "7.4"]
[White "Erwich, Frank"]
[Black "Schaefer, Juergen"]
[Result "1-0"]
[WhiteElo "2313"]
[BlackElo "2164"]
[PlyCount "55"]
[EventDate "2018.??.??"]
[WhiteTeam "SV Erkenschwick 1"]
[BlackTeam "Brühler SK 1"]

1. e4 d6 2. d4 Nf6 3. Nc3 g6 4. Bg5 h6 5. Bh4 g5 6. Bg3 Bg7 7. e5 Ng8 8. Qh5
Bf5 9. O-O-O e6 10. d5 exd5 11. Nxd5 c6 12. Ne3 Bg6 13. Qf3 Qa5 14. Nc4 Qxa2
15. Nxd6+ Kf8 16. Qc3 Qa1+ 17. Kd2 Qa4 18. Bc4 Na6 19. h4 Ne7 20. h5 Nf5 21.
hxg6 Nxd6 22. Bd3 Ne4+ 23. Bxe4 Qxe4 24. Nf3 Ke7 25. Kc1 Rhd8 26. gxf7 Kxf7 27.
Qb3+ Kg6 28. Qe6+ 1-0

[Event "SV Erkenschwick 1 - Brühler SK 1"]
[Site "NRW-Klasse. Gruppe 1 2017/201"]
[Date "2018.03.11"]
[Round "7.5"]
[White "Peters, Alex"]
[Black "Langers, Alexander"]
[Result "1/2-1/2"]
[WhiteElo "2171"]
[BlackElo "2166"]
[PlyCount "85"]
[EventDate "2018.??.??"]
[WhiteTeam "Brühler SK 1"]
[BlackTeam "SV Erkenschwick 1"]

1. Nf3 Nf6 2. d4 d5 3. g3 e6 4. Bg2 c5 5. c3 cxd4 6. cxd4 Be7 7. O-O O-O 8. Nc3
a6 9. Bg5 Nbd7 10. Rc1 b5 11. Ne5 Bb7 12. e3 h6 13. Bxf6 Nxf6 14. a3 Qb6 15.
Nd3 a5 16. b4 Rfd8 17. Qb3 Ne8 18. Nc5 Bc6 19. f4 Nd6 20. Rf2 Nc4 21. Re1 axb4
22. axb4 Ra3 23. Qc2 Be8 24. h4 f5 25. Bf3 Rda8 26. Nxd5 exd5 27. Bxd5+ Kh7 28.
Bxa8 Rxa8 29. Qxf5+ Bg6 30. Qg4 h5 31. Qf3 Ra3 32. f5 Bf7 33. Nd7 Qc7 34. f6
Bxb4 35. fxg7 Qxd7 36. Ref1 Nxe3 37. Qe4+ Kxg7 38. Rxf7+ Qxf7 39. Rxf7+ Kxf7
40. Qb7+ Be7 41. Qxb5 Ra1+ 42. Kf2 Ng4+ 43. Ke2 1/2-1/2

[Event "SV Erkenschwick 1 - Brühler SK 1"]
[Site "NRW-Klasse. Gruppe 1 2017/201"]
[Date "2018.03.11"]
[Round "7.6"]
[White "Homs, Guust"]
[Black "Spilles, Matthias"]
[Result "1-0"]
[WhiteElo "2152"]
[BlackElo "2139"]
[Annotator "Daniel"]
[PlyCount "69"]
[EventDate "2018.??.??"]
[WhiteTeam "SV Erkenschwick 1"]
[BlackTeam "Brühler SK 1"]

1. e4 e6 2. d4 d5 3. Nd2 Be7 4. c3 c5 5. Ngf3 Nf6 6. exd5 Qxd5 7. Bc4 Qd8 8.
Nb3 cxd4 9. Nbxd4 O-O 10. O-O Qc7 11. Qe2 Nbd7 12. Re1 Nb6 13. Bd3 Nbd5 14. Ne5
a6 15. Bd2 Bd6 16. a3 Rd8 17. Ndf3 b6 18. c4 Ne7 19. Bc3 Ng6 20. Nxg6 hxg6 21.
Rad1 $11 Bb7 22. h3 Nh5 23. Be4 Nf4 24. Qc2 g5 25. Nxg5 Qe7 26. Bxb7 Qxg5 27.
Bxa8 Rxa8 28. Qe4 Rd8 29. Qf3 Qf5 30. Qg4 Qxg4 31. hxg4 Ne2+ 32. Rxe2 Bh2+ 33.
Kxh2 Rxd1 34. Rd2 Rf1 35. Kg3 1-0

[Event "SV Erkenschwick 1 - Brühler SK 1"]
[Site "NRW-Klasse. Gruppe 1 2017/201"]
[Date "2018.03.11"]
[Round "7.7"]
[White "Haskelman, Evgen"]
[Black "Krings, Christoph"]
[Result "1/2-1/2"]
[WhiteElo "2108"]
[BlackElo "2191"]
[PlyCount "150"]
[EventDate "2018.??.??"]
[WhiteTeam "Brühler SK 1"]
[BlackTeam "SV Erkenschwick 1"]

1. e4 e6 2. d4 d5 3. e5 c5 4. c3 Nc6 5. Nf3 Bd7 6. Bd3 cxd4 7. cxd4 Qb6 8. O-O
Nxd4 9. Nxd4 Qxd4 10. Nc3 a6 11. Qe2 Qh4 12. Bd2 Bc5 13. g3 Qe7 14. a3 f6 15.
b4 Bd4 16. b5 a5 17. b6 fxe5 18. Nb5 Bxb5 19. Bxb5+ Kf7 20. Rac1 Bxb6 21. Qh5+
g6 22. Qxe5 Nf6 23. Be3 d4 24. Bxd4 Bxd4 25. Qxd4 Rhd8 26. Qb6 Rd6 27. Qe3 Nd5
28. Qh6 Kg8 29. Bc4 Rad8 30. Rfe1 Qd7 31. Rb1 Nc3 32. Rb3 b5 33. Rxc3 bxc4 34.
Rxc4 Rd1 35. Rc1 Rd3 36. Qf4 Rf8 37. Qe5 Qf7 38. Qxe6 Qxe6 39. Rxe6 Rxa3 40.
Ra6 Kg7 41. Rc7+ Rf7 42. Rxf7+ Kxf7 43. Ra7+ Kg8 44. g4 h6 45. Kg2 Kh8 46. h4
Kg8 47. f3 Kh8 48. Kf2 Kg8 49. Kg3 Ra4 50. f4 Ra3+ 51. Kg2 Kh8 52. h5 gxh5 53.
gxh5 a4 54. Kh2 Kg8 55. Kg2 Kh8 56. Kf2 Kg8 57. Ke2 Kh8 58. Ra6 Kh7 59. Kf2 Rh3
60. Ra7+ Kg8 61. Rxa4 Rxh5 62. Kf3 Kg7 63. Kg4 Rb5 64. Ra7+ Kg6 65. Ra6+ Kg7
66. f5 Rb1 67. Rg6+ Kh7 68. Kf4 Rb4+ 69. Ke5 Rb5+ 70. Kf4 Rb4+ 71. Kf3 Ra4 72.
Rd6 Kg7 73. Rg6+ Kh7 74. Rd6 Kg7 75. Rg6+ Kh7 1/2-1/2

[Event "SV Erkenschwick 1 - Brühler SK 1"]
[Site "NRW-Klasse. Gruppe 1 2017/201"]
[Date "2018.03.11"]
[Round "7.8"]
[White "Eggenstein, Frank"]
[Black "Hoehn, Jan"]
[Result "1/2-1/2"]
[WhiteElo "1973"]
[BlackElo "2016"]
[Annotator "Daniel"]
[PlyCount "115"]
[EventDate "2018.??.??"]
[WhiteTeam "SV Erkenschwick 1"]
[BlackTeam "Brühler SK 1"]

1. e4 c5 2. c3 g6 3. d4 cxd4 4. cxd4 Bg7 5. Nc3 Nc6 6. Nf3 e5 7. d5 Nd4 8. Be3
Nxf3+ 9. Qxf3 d6 10. Bb5+ Kf8 11. Bd3 Bh6 12. O-O Kg7 13. Qe2 a6 14. f4 Qe7 15.
Rf2 Bxf4 16. Bxf4 exf4 17. Rxf4 Nh6 18. h3 Qg5 19. Qf3 Re8 20. Qf2 Qe5 21. g4
f6 22. Rf1 Nf7 23. Rxf6 Ng5 24. Kg2 Bf5 25. exf5 Qxf6 26. h4 Nf7 27. Ne4 Rxe4
28. Bxe4 Re8 29. Bb1 Qe5 30. fxg6 Qxd5+ 31. Kg1 hxg6 32. Qf6+ Kg8 33. Bxg6 Qc5+
34. Rf2 Re1+ 35. Kh2 Qe5+ 36. Qxe5 Nxe5 37. Bf5 d5 38. Kg2 d4 39. Rd2 d3 40. g5
Re2+ 41. Rxe2 dxe2 42. Kf2 Nf3 43. Kxe2 Nd4+ 44. Kd3 Nxf5 $11 45. Kc4 Ne7 46.
Kc5 Nc8 47. a4 Kf7 48. h5 Ke6 49. b3 Kd7 50. Kd5 Ke7 51. Ke5 Kf7 52. g6+ Kg7
53. Ke6 Na7 54. Kd7 Nc6 55. Kc7 a5 56. Kb6 Kh6 57. Kc5 Kg7 58. Kb6 1/2-1/2